| 000 | 00643nam a22002057a 4500 | ||
|---|---|---|---|
| 999 |
_c191980 _d191980 |
||
| 005 | 20220908114729.0 | ||
| 010 | _aA-993216 | ||
| 020 |
_a81-209-0730-2 _c175.00 |
||
| 035 | _aA-993216 | ||
| 082 | _a920 | ||
| 100 | _aMurthi,R.K | ||
| 245 |
_aChildren's Encyclopedia of Nobel Laureates/ _cby R.K. Murthi _hEnglish |
||
| 250 | _aEd. 1st | ||
| 260 |
_aNew Delhi _bPitambar Publishing Company (P) LTD. |
||
| 270 |
_a888, East Park Road, Karol Bagh _bNew Delhi _e1100005 |
||
| 300 |
_a52p. _c23cm(Hbk) _bill; |
||
| 500 | _aNobel prize winners 1901 to 1998 | ||
| 700 | _aMukherjee, Swati | ||
| 942 |
_2ddc _cEN _h920 _mCHI |
||